| 000 | 00892nam a2200265Ia 4500 | ||
|---|---|---|---|
| 003 | OSt | ||
| 005 | 20220923224025.0 | ||
| 006 | a|||||r|||| 00| 0 | ||
| 007 | ta | ||
| 008 | tam | ||
| 024 | _a224,179 | ||
| 037 | _cTextual | ||
| 040 |
_aARTS _cARTS _btam |
||
| 041 |
_2tam _atam |
||
| 082 | _aO3:g, 152P4 | ||
| 100 |
_aतिवारी, यतीन्द्र _9156292 |
||
| 245 | 0 | _aसमकालीन दक्षिण भारतीय भाषा साहित्य | |
| 246 | _aSamakālīn dakṣhiṇ bhāratīya bhāṣhā sāhitya | ||
| 260 |
_aकानपुर _b साहित्य निलय _c2004 |
||
| 300 |
_a264पृ0 _ccm. |
||
| 650 | _a तमिल साहित्य | ||
| 650 | _aतमिल कविता | ||
| 942 |
_hO3:g, 152P4 _cTEXL _2CC |
||
| 999 |
_c368733 _d368733 |
||